banner-ar

WITH FRIENDS LIKE THESE: REAGAN, BUSH AND SADDAM 1982 - 1990 / (Record no. 14424)

MARC details
000 -الفاتح
حقل البيانات ثابتة الطول 00589nam a2200181Ia 4500
008 - عناصر البيانات ثابتة الطول - معلومات عامة
حقل البيانات ثابتة الطول 140319s9999 xx 000 0 eng d
040 ## - مصدر الفهرسة
وكالة الفهرسة الأصلية GCL /
وكالة النسخ GCL
082 04 - رقم تصنيف ديوى العشرى
رقم التصنيف 327.730567
رقم المادة J W
100 1# - المدخل الرئيسى - إسم شخصى
الإسم الشخصى JENTLESON, BRUCE W
245 10 - بيان العنوان
العنوان WITH FRIENDS LIKE THESE: REAGAN, BUSH AND SADDAM 1982 - 1990 /
بيان المسئوليه,etc JENTLESON, BRUCE W
260 ## - PUBLICATION, DISTRIBUTION, ETC. (IMPRINT)
تاريخ النشر أو التوزيع 1994
300 ## - الوصف المادى
التعداد 300 P
650 04 - المدخل الاضافى بالموضوع-مصطلح موضوعى
مصطلح موضوعي UNITED STATES - FOREIGN RELATION -IRAQ
650 04 - المدخل الاضافى بالموضوع-مصطلح موضوعى
مصطلح موضوعي IRAQ - FOREIGN RELATION - U.S.A
650 04 - المدخل الاضافى بالموضوع-مصطلح موضوعى
مصطلح موضوعي UNITED STATES - FOREIGN RELATION -1982 - 1990
942 ## - عناصر المدخل الإضافي( كوها)
مصدر التصنيف او مخطط الترفيف Dewey Decimal Classification
Koha [default] item type كتاب
260 ## - PUBLICATION, DISTRIBUTION, ETC. (IMPRINT)
-- [S.N] :
-- W.W.NORTON AND COMPANY ،
Holdings
حالة التراجع حالة الفقد حالة تلف ليس للاعارة المكان المؤقت الموقع الحالى تاريخ الاكتساب اجمالي اﻻعارات رقم الطلب الباركود تاريخ اخر مشاهدة تاريخ تفعيل السعر نوع وعاء كوها
        مكتبة القاهرة الكبرى مكتبة القاهرة الكبرى 03/26/2014   327.730567\J W 27091 03/26/2014 03/26/2014 كتاب

Powered By

EGPV